League of Ireland Stadiums - Statistics

General Stats
  • This quiz has been taken 33 times
  • The average score is 11 of 20
Answer Stats
Team Capacity Answer % Correct
Shamrock Rovers 10,716 Tallaght Stadium
96%
Shelbourne 5,750 (4,150) Tolka Park
87%
Cork City 7,485 Turner's Cross
83%
Dundalk 4,500 (3,000) Oriel Park
78%
Sligo Rovers 3,873 The Showgrounds
70%
Bohemians 4,227 Dalymount Park
65%
Finn Harps 4,458 (351) Finn Park
65%
St. Patrick's Athletic 5,340 (2,800) Richmond Park
65%
UCD 3,000 (1,500) UCD Bowl
65%
Galway United 5,000 (3,300) Eamon Deacy Park
57%
Derry City 3,700 (3,430) Ryan McBride Brandywell Stadium
57%
Waterford 5,160 (3,035) Waterford RSC
57%
Longford Town 5,097 (4,977) Bishopsgate
52%
Bray Wanderers 3,200 Carlisle Grounds
39%
Drogheda United 3,500 (1,500) Weavers Park
35%
Treaty United 3,500 (1,650) Markets Field
30%
Athlone Town 5,000 (2,024) Athlone Town Stadium
26%
Kerry 1,400 (500) Mounthawk Park
26%
Cobh Ramblers 4,000 (1,340) St. Colman's Park
26%
Wexford 2,500 (609) Ferrycarrig Park
22%
No matching quizzes found
Score Distribution
Percent of People with Each Score
Percentile by Number Answered
Your Score History
You have not taken this quiz